| 000 | 00671nam a22002057a 4500 | ||
|---|---|---|---|
| 003 | OSt | ||
| 005 | 20251125235746.0 | ||
| 008 | 250506b |||||||| |||| 00| 0 spa d | ||
| 020 | _a978-9962-04-086-6 | ||
| 040 |
_bspa _cBPMC |
||
| 082 | _a741.58 G216 | ||
| 100 | _aGarcía, Robert | ||
| 245 |
_aDibujara manga: _bPaso a paso. / _cRobert García y Fernando Casaus |
||
| 260 |
_aBarcelona: _bLexus, _c2013 |
||
| 300 |
_a591 p., _bil., _c27 x 20 cm. |
||
| 505 | _aIntroducción. Chicas. Fantasía. Ciencia Ficción. Monstruos. Oriental. Música. Deporte. Dibujar Manga por ordenador. | ||
| 650 | _aDISEÑO GRAFICO | ||
| 700 | _aCasaus, Fernando | ||
| 942 |
_2ddc _cLIB-CORD _n0 |
||
| 999 |
_c1269 _d1269 |
||